The Bedford anthology of American literature / (Record no. 1904)

MARC details
000 -LEADER
fixed length control field 00769cam a2200217 4500
001 - CONTROL NUMBER
control field 2379
005 - DATE AND TIME OF LATEST TRANSACTION
control field 20220616093811.0
008 - FIXED-LENGTH DATA ELEMENTS--GENERAL INFORMATION
fixed length control field 060125m20062008maua 001 0deng
010 ## - LIBRARY OF CONGRESS CONTROL NUMBER
LC control number 2006921308
020 ## - INTERNATIONAL STANDARD BOOK NUMBER
International Standard Book Number 9780312463700 (v. 1 : pbk.)
245 04 - TITLE STATEMENT
Title The Bedford anthology of American literature /
Statement of responsibility, etc. [edited by] Susan Belasco, Linck Johnson.
246 30 - VARYING FORM OF TITLE
Title proper/short title Anthology of American literature
260 ## - PUBLICATION, DISTRIBUTION, ETC.
Place of publication, distribution, etc. Boston :
Name of publisher, distributor, etc. Bedford/St. Martins,
Date of publication, distribution, etc. 2008.
300 ## - PHYSICAL DESCRIPTION
Extent 1404. :
Other physical details ill. ;
Dimensions 24 cm. +
Accompanying material 1 DVD (4 3/4 in.)
500 ## - GENERAL NOTE
General note Includes accompanying DVD: "Archive America"
505 0# - FORMATTED CONTENTS NOTE
Formatted contents note v. 1. Beginnings to 1865 -- v. 2. 1865 to the present.
650 #0 - SUBJECT ADDED ENTRY--TOPICAL TERM
Topical term or geographic name entry element American literature.
700 1# - ADDED ENTRY--PERSONAL NAME
Personal name Belasco, Susan,
Dates associated with a name 1950-
Personal name Johnson, Linck C.,
Dates associated with a name 1946-
942 ## - ADDED ENTRY ELEMENTS (KOHA)
Source of classification or shelving scheme Dewey Decimal Classification
Koha item type Main
Holdings
Withdrawn status Lost status Source of classification or shelving scheme Damaged status Not for loan Collection code Home library Current library Shelving location Date acquired Serial Enumeration / chronology Inventory number Full call number Barcode Date last seen Price effective from Koha item type Total Checkouts
    Dewey Decimal Classification     Main TEST RTC Library RTC Library Main opac 16/06/2022 v.2 892 810 BEL 2008 c.1 30001273 27/11/2018 27/11/2018 Main  
    Dewey Decimal Classification     Main TEST RTC Library RTC Library Main opac 16/06/2022 v.1 891 810 BEL 2008 c.2 30001238 27/11/2018 27/11/2018 Main  
          Desk RTC Library RTC Library Desk     DVD BEDDESK 30006458 27/11/2018 27/11/2018 Desk (DVD/CD)  
Royal Thimphu College || All Right Reserved